|
|
|
|
| LEADER |
00000nam0a2200000 4500 |
| 001 |
35065 |
| 005 |
20231030232528.0 |
| 035 |
|
|
|a (RuTPU)RU\TPU\book\35484
|
| 035 |
|
|
|a BOOK00002136
|
| 090 |
|
|
|a 35065
|
| 100 |
|
|
|a 20011210d1985 km y0rusy50 ca
|
| 101 |
1 |
|
|a rus
|c eng
|
| 102 |
|
|
|a RU
|
| 105 |
|
|
|a y z 000zy
|
| 200 |
1 |
|
|a Проектирование специализированных микропроцессорных систем
|e пер. с англ.
|f Э. Клингман
|
| 210 |
|
|
|a Москва
|c Мир
|d 1985
|
| 215 |
|
|
|a 363 с.
|
| 610 |
1 |
|
|a микропроцессорные системы
|
| 610 |
1 |
|
|a цифровые системы
|
| 610 |
1 |
|
|a устройства
|
| 610 |
1 |
|
|a микропрограммное управление
|
| 610 |
1 |
|
|a проектирование
|
| 610 |
1 |
|
|a построение
|
| 610 |
1 |
|
|a задачи
|
| 675 |
|
|
|a 681.325.5
|v 3
|
| 700 |
|
1 |
|a Клингман
|b Э.
|g Эдвин
|
| 801 |
|
0 |
|a RU
|b 63413507
|c 20011210
|g PSBO
|
| 801 |
|
2 |
|a RU
|b 63413507
|c 20160707
|g PSBO
|
| 900 |
|
|
|a Микропроцессорные системы
|a Основы микропроцессорной техники
|
| 942 |
|
|
|c BK
|